Normal view
MARC view
Entry Topical Term
001 - CONTROL NUMBER
- control field: 22977
003 - CONTROL NUMBER IDENTIFIER
- control field: OSt
005 - DATE AND TIME OF LATEST TRANSACTION
- control field: 20260203115628.0
008 - FIXED-LENGTH DATA ELEMENTS
- fixed length control field: 260203|| aca||aabn | a|a d
040 ## - CATALOGING SOURCE
- Original cataloging agency: OSt
- Transcribing agency: OSt
150 ## - HEADING--TOPICAL TERM
- Topical term or geographic name entry element: French language--Grammar, problems, exercises
670 ## - SOURCE DATA FOUND
- Source citation: Work cat.: (OSt)21378: topping, Anne 22976, Venez à Paris: Troisième livre de français, 1968
